Cristo para el cuarto milenio: siete cuentos contra veintiún artículos

Guardat en:
Dades bibliogràfiques
Autor principal: Costadoat, Jorge (Autor)
Format: Llibre
Idioma:espanyol
Publicat: Santiago San Pablo 2001
Edició:1a. ed
Col·lecció:Búsquedas Humanas
Matèries:
Etiquetes: Afegir etiqueta
Sense etiquetes, Sigues el primer a etiquetar aquest registre!

MARC

LEADER 00000cam a2200000 a 4500
001 UCE7599
003 CL-VaPUC
008 150626e20010000cl |||||||||||||||||spa|d
020 |a 9562563324 
082 0 4 |a 220.6  |b COS  |2 21 
100 0 |a Costadoat, Jorge  |e author  |9 580271 
245 1 0 |a Cristo para el cuarto milenio: siete cuentos contra veintiún artículos 
250 |a 1a. ed 
300 |a 190 p 
942 |c BK 
945 |d 20150626 15:30:00  |a gsalatino 
260 |a Santiago  |b San Pablo  |c 2001 
650 0 |a Interpretación de la Biblia  |9 311877 
650 7 |a ESPIRITU SANTO  |2 CL-VaPUC  |9 580272 
583 |a last modification  |c 20150626 15:30:00  |k Rodrigo Vera 
490 0 |a Búsquedas Humanas 
999 |c 359654  |d 359652 
952 |0 0  |1 0  |3 erb  |4 0  |6 220_600000000000000_COS_2001  |7 0  |8 A  |9 469048  |a BIBTEO  |b BIBTEO  |e Casale Rolle, Carlos Ignacio, -2014  |i 5181399  |o 220.6 COS 2001  |p 5181399  |r 2025-01-17  |w 2019-11-23  |y BK  |z Catalogado en:20150626  |k ICR